000 00530nam a2200193Ia 4500
005 20260429112035.0
008 260429s9999||||xx |||||||||||||| ||und||
020 _a9781804892541
041 _aEnglish
082 _a647.94
_bREI
100 _aReid, Callum
245 0 _aHotel and resort management /
_cCallum Reid
260 _aUnited Kingdom :
_bBrilliant Publication Ltd. ,
_c2025.
300 _ax, 267 p.; hb
650 _a Hospitality
650 _a Resort administration
650 _aHotel management
942 _cTB
999 _c52041
_d52041